Törvénnyé tett szabadság

Elmentve itt :
Bibliográfiai részletek
Szerző: Huoranszki Ferenc
Adatforrás:Philobibl
Forrásdokumentuma:Világosság
45.2004:10-12. 65-81. p.
Dokumentumtípus: Cikk
Nyelv:magyar
Kulcsszavak:szabadság
Kant
etika
autonómia
akarat
heteronómia
felelősség
cselekvés
Megjelent: 2004
LEADER 00513nab a2200205 c 4500
001 bibPHI0029331
005 20200924122456.3
008 061221s2004 xx hun
100 1 |a Huoranszki Ferenc 
245 1 0 |a Törvénnyé tett szabadság  |c Huoranszki Ferenc 
260 |c 2004 
695 |a szabadság 
695 |a Kant 
695 |a etika 
695 |a autonómia 
695 |a akarat 
695 |a heteronómia 
695 |a felelősség 
695 |a cselekvés 
773 0 |t Világosság  |g 45.2004:10-12. 65-81. p.